Rankings of the groups of the Rugby World Cup 2019. - Statistics

General Stats
  • This quiz has been taken 56 times
  • The average score is 17 of 20
Answer Stats
Countries present(in a mess) Number of points Countries in order % Correct
Namibia 15 South Africa
95%
Samoa 19 Japan
92%
Italy 16 New Zealand
92%
Wales 16 Australia
90%
Ireland 16 Ireland
87%
Japan 11 Scotland
87%
Uruguay 19 Wales
87%
United States 17 England
85%
Australia 7 Fiji
85%
New Zealand 12 Italy
85%
France 11 Argentina
82%
South Africa 2 Canada
82%
England 15 France
82%
Géorgia 5 Géorgia
82%
Canada 2 Namibia
82%
Russia 5 Samoa
82%
Fiji 4 Uruguay
82%
Scotland 0 Russia
79%
Argentina 0 United States
79%
Tonga 6 Tonga
77%
No matching quizzes found
Score Distribution
Percent of People with Each Score
Percentile by Number Answered
Your Score History
You have not taken this quiz